000 00894nam a2200277 i 4500
001 000045314
003 DO-SdBNP
005 20250620133951.0
007 ta
008 150302s1995 dr a 000 0 spa d
040 _aDO-SdBNP
_bspa
_cBNPHU
_erda
082 4 _axxxx
_bxxxx
_222
100 _aBonnelly De Díaz, Aida
_d1926-
_eautor
_4aut.
_918734
245 1 4 _aLos niños y las artes /
_cAída Bonnelly de Díaz.
250 _aSegunda edición
264 _aSanto Domingo :
_bAlfa y Omega,
_c1995.
300 _a37 páginas :
_bilustraciones ;
_c22 cm.
336 _atexto
_btxt
_2rdacontent
337 _asin mediación
_bn
_2rdamedia
338 _avolumen
_bnc
_2rdacarrier
490 1 _aBiblioteca juvenil tobogán
_v4
500 _aIncluye datos biográficos de la autora en la solapa de la contracubierta.
590 _aInventariado, 2025/BT
910 _aBtavárez
942 _2ddc
_cLF2
999 _c44803
_d44803